Enfants d'Israël - Statistiques

Statistiques générales
  • Ce quiz a été pris 35 fois
  • Le résultat moyen est 7 sur 23
Statistiques - réponses
Hint Explanation Réponse % Correct
Sa capacité à interpréter les rêves lui ouvre toutes les portes (alors qu'il était franchement mal barré au départ) Genèse chapitres 40 et 41 Joseph
63%
Seule fille de Jacob Genèse ch 30 v 21 Dina
57%
Préféré de son père, reçoit une tunique multicolore Genèse ch 37 v 3 Joseph
53%
Sa mère meurt en lui donnant le jour, mais ce n'est pas grave parce que c'est un garçon Genèse ch 35 v 17-18 Benjamin
47%
Ancêtre d'Aaron et Moïse, sa tribu est celle des prêtres d'Israël Nombres chapitre 3 Lévi
43%
Épouse la fille d'un prêtre égyptien avec qui il aura deux fils, dont chacun sera à l'origine d'une tribu d'Israël Genèse ch 41 v 50 ; Nombres ch 26 v 28 Joseph
40%
Ancêtre de David et de Jésus Ruth ch 4 v 18 à 22 Juda
40%
Couche avec la concubine de son père Genèse ch 35 v 22 Ruben
33%
Couche par erreur avec sa belle-fille, qui tombe enceinte de jumeaux Genèse chapitre 38 Juda
30%
Son nom signifie : "il donnera un salaire" Pardon j'ai rien trouvé de mieux à dire sur lui Issacar
27%
Sa tribu, ainsi que celle de Ruben et celle de Manassé, s'installe en Transjordanie Nombres chapitre 32 Gad
23%
Frère biologique de Gad Genèse ch 30 v 10 à 13 Aser
20%
Ancêtre du roi Saül et de Saint Paul de Tarse 1Samuel ch 9 v 21 Benjamin
20%
Sa tribu se fait quasi exterminer en punition d'un viol commis par ses membres Juges chapitre 20 Benjamin
20%
Jacob le désigne comme son aîné, après avoir éliminé les frères plus âgés que lui pour les fautes qu'ils ont commises Genèse ch 49 v 8 Juda
20%
Offre des mandragores à sa mère Genèse ch 30 v 14 Ruben
20%
Intervient auprès de ses frères pour les empêcher d'assassiner leur cadet Genèse chapitre 37 Ruben
20%
Participe au massacre de la ville de Sichem aux côtés de son cadet Genèse ch 34 v 25 Siméon
20%
Dans le livre des Juges, sa tribu s'installe dans les montagnes avec un prêtre kidnappé Juges chapitre 18 Dan
17%
Participe au massacre de la ville de Sichem aux côtés de son aîné Genèse ch 34 v 25 Lévi
17%
"résidera sur la côte maritime, il sera sur la côte des bateaux et sa frontière s'étendra du côté de Sidon" selon Jacob Genèse ch 49 v 13 Zabulon
17%
Une femme de sa tribu est la mère du roi de Tyr 1 Rois ch 7 v 14 Nephtali
13%
Retenu en otage en Égypte le temps que ses frères fassent venir Benjamin Genèse ch 42 v 24 Siméon
13%
Aucun quiz correspondant
Distribution des résultats
% des personnes avec chaque résultat
Percentile par nombre de réponses
Votre historique - résultats
Vous n’avez pas pris ce quiz